| 000 | 01798nam a2200505 i 4500 | ||
|---|---|---|---|
| 001 | 52866 | ||
| 003 | KOSZ 005 | ||
| 005 | 20200707123108.0 | ||
| 008 | 061122s2006 pl a f f |000 0 pol | ||
| 015 | _aPB 2007/299 | ||
| 020 | _a8372853011 | ||
| 020 | _a9788372853011 | ||
| 035 | _a991032286029705066 | ||
| 035 | _a(PL-WaBN)b18665986-48omnis_nlop | ||
| 035 | _ab18665986 | ||
| 035 | _a(OCoLC)749633927 | ||
| 035 | _a(PL)b0000001866598 | ||
| 035 | _a(EXLNZ-48OMNIS_NETWORK)9910480098805606 | ||
| 040 |
_aWA N _cWA N _dKOSZ 005/HR |
||
| 046 | _k2006 | ||
| 080 | _a658.15 | ||
| 080 | _a(075.8) | ||
| 100 | 1 |
_aRedo, Magdalena _eAutor |
|
| 245 | 1 | 0 |
_aZarządzanie finansami przedsiębiorstwa / _cMagdalena Dynus, Bożena Kołosowska, Piotr Prewysz-Kwinto. |
| 260 |
_aToruń : _bTowarzystwo Naukowe Organizacji i Kierownictwa "Dom Organizatora", _c2006. |
||
| 300 |
_a191, [1] s. : _bil. ; _c24 cm. |
||
| 336 |
_2rdacontent _aTekst _btxt |
||
| 337 |
_2rdamedia _aBez urządzenia pośredniczącego _bn |
||
| 338 |
_2rdacarrier _aWolumin _bnc |
||
| 380 | _aKsiążki | ||
| 380 | _aPublikacje dydaktyczne | ||
| 385 |
_mPoziom nauczania _aSzkoły wyższe |
||
| 388 | _a2001- | ||
| 504 | _aBibliogr. s. 191. | ||
| 650 | 7 | _aZarządzanie finansami | |
| 658 | _aGospodarka, ekonomia, finanse | ||
| 655 | 7 |
_aPodręczniki akademickie _2DBN |
|
| 650 | 7 | _aFinanse przedsiębiorstwa | |
| 700 | 1 |
_aPrewysz-Kwinto, Piotr _eAutor |
|
| 700 | 1 |
_aKołosowska, Bożena _d(1956- ) _eAutor |
|
| 710 | 2 |
_aDom Organizatora w Toruniu (Towarzystwo Naukowe Organizacji i Kierownictwa) _4pbl |
|
| 856 |
_uhttp://koha.tu.koszalin.pl/cgi-bin/koha/opac-detail.pl?biblionumber=52866 _yKatalog online BPK |
||
| 942 |
_2UKD _cKS |
||
| 999 |
_c52866 _d52866 |
||